00423cam a22001217a 4500008004000000082001600040100002100056245009000077260002600167300001000193650005000203650004800253180718b1978 xxu||||| |||| 00| 0 eng d aT39x54 M896 aMukherji, Sadhan aIndia's economic relations with USA and USSR: a comparative studycby Sadhan Mukherji aDelhibSterlingc1978 a372p. aIndia - Foreign economic relations - U.S.S.R. aIndia - Foreign economic relations - U.S.A.